| 000 | 00389nmm a2200145 a 4500 | ||
|---|---|---|---|
| 003 | AR-BaBNM | ||
| 005 | 20251128203147.0 | ||
| 008 | 073119s1944 ||||||||||||||000 | spa|| | ||
| 040 | _cAR-BaBNM | ||
| 100 | 1 | _aEscudero, Pedro | |
| 245 | 1 | 0 | _aEstudios sobre la alimentación del lactante |
| 260 |
_a[S.l.] _bInstituto Nacional de la Nutrición _c1944 |
||
| 942 | _cBK | ||
| 998 | _cMATO MOURAZOS | ||
| 999 |
_c2174 _d2174 |
||